header

Tools for teaching comprehensive human sexuality education : (Record no. 140964)

MARC details
000 -LEADER
fixed length control field 01903nam a22003971i 4500
001 - CONTROL NUMBER
control field ebr10799790
003 - CONTROL NUMBER IDENTIFIER
control field CaPaEBR
006 - FIXED-LENGTH DATA ELEMENTS--ADDITIONAL MATERIAL CHARACTERISTICS--GENERAL INFORMATION
fixed length control field m o d
007 - PHYSICAL DESCRIPTION FIXED FIELD--GENERAL INFORMATION
fixed length control field cr cn|||||||||
008 - FIXED-LENGTH DATA ELEMENTS--GENERAL INFORMATION
fixed length control field 130819t20142014cau obf 000 0 eng d
020 ## - INTERNATIONAL STANDARD BOOK NUMBER
International Standard Book Number 9781118456156 (e-book)
Cancelled/invalid ISBN 9781118453032 (pbk.)
040 ## - CATALOGING SOURCE
Original cataloging agency CaPaEBR
Language of cataloging eng
Description conventions rda
-- pn
Transcribing agency CaPaEBR
035 ## - SYSTEM CONTROL NUMBER
System control number (OCoLC)874967774
050 14 - LIBRARY OF CONGRESS CALL NUMBER
Classification number HQ56
Item number .S65 2014eb
082 04 - DEWEY DECIMAL CLASSIFICATION NUMBER
Classification number 613.9071
Edition number 23
100 1# - MAIN ENTRY--PERSONAL NAME
Personal name Splendorio, Dominick,
Dates associated with a name 1949-
245 10 - TITLE STATEMENT
Title Tools for teaching comprehensive human sexuality education :
Remainder of title lessons, activities, and teaching strategies utilizing the national sexuality education standards (Grades 6-12) /
Statement of responsibility, etc Dominick Splendorio and Lori Reichel.
250 ## - EDITION STATEMENT
Edition statement First edition.
264 #1 - PRODUCTION, PUBLICATION, DISTRIBUTION, MANUFACTURE, AND COPYRIGHT NOTICE
Place of production, publication, distribution, manufacture San Francisco :
Name of producer, publisher, distributor, manufacturer Jossey Bass & Pfeiffer Imprints, Wiley,
Date of production, publication, distribution, manufacture, or copyright notice [2014]
Date of production, publication, distribution, manufacture, or copyright notice �2014
300 ## - PHYSICAL DESCRIPTION
Extent 1 online resource (417 pages)
336 ## - CONTENT TYPE
Content type term text
Source rdacontent
337 ## - MEDIA TYPE
Media type term computer
Source rdamedia
338 ## - CARRIER TYPE
Carrier type term online resource
Source rdacarrier
504 ## - BIBLIOGRAPHY, ETC. NOTE
Bibliography, etc Includes bibliographical references.
588 ## - SOURCE OF DESCRIPTION NOTE
Source of description note Description based on print version record.
590 ## - LOCAL NOTE (RLIN)
Local note Electronic reproduction. Palo Alto, Calif. : ebrary, 2013. Available via World Wide Web. Access may be limited to ebrary affiliated libraries.
650 #0 - SUBJECT ADDED ENTRY--TOPICAL TERM
Topical term or geographic name as entry element Family life education
General subdivision Study and teaching
Form subdivision Handbooks, manuals, etc.
Topical term or geographic name as entry element Sex instruction
General subdivision Study and teaching
Form subdivision Handbooks, manuals, etc.
655 #0 - INDEX TERM--GENRE/FORM
Genre/form data or focus term Electronic books.
700 1# - ADDED ENTRY--PERSONAL NAME
Personal name Reichel, Lori,
Dates associated with a name 1966-
776 08 - ADDITIONAL PHYSICAL FORM ENTRY
Display text Print version:
Main entry heading Splendorio, Dominick, 1949-
Title Tools for teaching comprehensive human sexuality education.
Place, publisher, and date of publication San Francisco : Jossey Bass & Pfeiffer Imprints, Wiley, [2014]
Physical description xx, 393 pages
International Standard Book Number 9781118453032
Record control number (DLC) 2013030390
797 2# - LOCAL ADDED ENTRY--CORPORATE NAME (RLIN)
Corporate name or jurisdiction name as entry element ebrary.
856 40 - ELECTRONIC LOCATION AND ACCESS
Uniform Resource Identifier <a href="http://site.ebrary.com/lib/rucke/Doc?id=10799790">http://site.ebrary.com/lib/rucke/Doc?id=10799790</a>
Public note An electronic book accessible through the World Wide Web; click to view

No items available.

© 2026 Rongo University
Contact us: librarian | system librarian | Rongo university